[Event "Kalamazoo op1"]
[Site "Kalamazoo"]
[Date "2003.08.29"]
[Round "1.9"]
[White "Grzegorczyk, Ron"]
[Black "Albrecht, Ivan"]
[Result "1/2-1/2"]
[WhiteElo "1618"]
[BlackElo "1449"]
[PlyCount "128"]
[EventDate "2003.08.29"]
[EventType "swiss"]
[EventRounds "7"]
[EventCountry "USA"]
[SourceTitle "EXT 2007"]
[Source "ChessBase"]
[SourceDate "2006.11.23"]
[SourceVersion "1"]
[SourceVersionDate "2006.11.23"]
[SourceQuality "1"]

1. e4 d6 2. d4 Nf6 3. Nc3 g6 4. Nf3 Bg7 5. Be3 Bg4 6. Be2 Nbd7 7. h3 Bxf3 8. Bxf3 e5 9. 0-0 0-0 10. Be2 Re8 11. Bd3 exd4 12. Bxd4 Ne5 13. f3 Nh5 14. Be3 Ng3 15. Rf2 Nc6 16. Qd2 Nd4 17. Rb1 c6 18. Bc4 Ne6 19. Kh2 Nh5 20. g4 Nf6 21. Rd1 Nd7 22. Qxd6 Be5+ 23. Qxe5 Nxe5 24. Rxd8 Nxc4 25. Rxe8+ Rxe8 26. Bc1 Rd8 27. b3 Nb6 28. Kg2 Kf8 29. f4 Ke8 30. Kf3 Nd4+ 31. Ke3 Ne6 32. h4 Nc8 33. Rd2 Rxd2 34. Bxd2 Ne7 35. f5 Nf8 36. Kf4 Nd7 37. Be3 b6 38. b4 f6 39. Bd4 Kf7 40. a4 c5 41. bxc5 bxc5 42. Bf2 Nc6 43. g5 Nb4 44. gxf6 Kxf6 45. fxg6 hxg6 46. Nd5+ Nxd5+ 47. exd5 a6 48. Ke4 Ke7 49. a5 Nf6+ 50. Kd3 Nxd5 51. Bxc5+ Ke6 52. Ke4 Nf6+ 53. Kf4 Nd5+ 54. Kg5 Kf7 55. Bb6 Nb4 56. c4 Nc6 57. Kf4 Ke6 58. Ke4 Kd6 59. Kf4 Ke6 60. c5 Kf6 61. Bc7 Ke6 62. Kg5 Kf7 63. Kh6 Ne7 64. Bd6 Nc6 1/2-1/2